|
|
|
|
| LEADER |
00000cam a2200000 7i4500 |
| 001 |
0000007716 |
| 005 |
20151222.0 |
| 008 |
070906 |
| 020 |
|
|
|a 9833357865
|
| 090 |
0 |
0 |
|a JF
|b REG MAL (8184)
|
| 245 |
1 |
0 |
|a Pahlawan kecil
|
| 260 |
|
|
|a Pahang :
|b PTS One ,
|c 2005
|
| 440 |
|
|
|a Siri komik ibadah satria
|
| 500 |
|
|
|a Children ages 7-9 years old (orange)
|
| 650 |
|
0 |
|a Islam stories, Malay
|x Comic books, strips, etc.
|
| 999 |
|
|
|a 0000918605
|b Book
|c Children Collection
|e Cawangan Bukit Gambir
|
| 999 |
|
|
|a 0000928403
|b Book
|c Children Collection
|e Cawangan Tangkak
|
| 999 |
|
|
|a 0000991072
|b Book
|c Children Collection
|e Perbadanan Perpustakaan Awam Johor
|
| 999 |
|
|
|a 0000991074
|b Book
|c Children Collection
|e Perbadanan Perpustakaan Awam Johor
|
| 999 |
|
|
|a 0000991075
|b Book
|c Children Collection
|e Perbadanan Perpustakaan Awam Johor
|
| 999 |
|
|
|a 0000991076
|b Book
|c Children Collection
|e Perbadanan Perpustakaan Awam Johor
|